000 00654nam a2200229Ia 4500
003 IN-BaIIA
008 211028s9999 xx 000 0 eng d
020 _a3-540-17264-5
040 _cIIA Library
080 _a52
_bFUN
245 0 _aFundamental astronomy
_cedited by H. Kartunen…[et al.]
260 _aBerlin
_bSpringer-Verlag
_c1987
300 _axi, 478p.
650 _aAstronomy
_980
650 _aAstronomy and astrophysics thesaurus
700 _aKartunen, H., ed.
_915777
700 _aKroger, P., ed.
_915778
700 _aOja, H., ed.
_915779
700 _aPoutanen, M., ed.
_915780
710 _aDonner, K. J., ed.
_915781
942 _cBK
999 _c9374
_d9374